000 00956nam0a22002771 4500
001 RU\NLR\INFOCOMM_18\5000662880
005 20250613094527.0
035 _a(NLR Aleph) 009265091
090 _a9067158
_c9067158
100 _a20100818d1977 |||y0rusy50 ca
101 0 _ager
102 _aRU
105 _ay ||||000|y
200 1 _aIn der Einheit liegt die Kraft
_eDer proletarische Internationalismus in der Gegenwart
_fJewgeni Dobrotin
210 _aΜ.
_cAPN-Verl.
_d1977
215 _a112 с.
_d17 см
300 _aВ вып. дан.: Е. Добротин. В единстве - сила
606 _aПролетарский интернационализм
_2nlr_sh1
686 _aТ3(0)63-462
_2rubbk
700 1 _9z01790
_aDobrotin
_bE. V.
_f1928-
_gEvgenij Vladimirovič
_4070
790 1 _9z01700
_aDobrotin
_bJ.
_gJewgeni
_4070
801 1 _aRU
_bNLR
_c20100818
801 0 _aRU
_bNLR
_gPSBO
852 _aNLR
_jИ25 Д-1/151
942 _cBOOK
980 _aNB